[Event "HUN-chT 2019-20"]
[Site "Budapest"]
[Date "2019.11.17"]
[Round "2.53"]
[White "Tesik, Csaba"]
[Black "Kantor, Gergely"]
[Result "0-1"]
[WhiteElo "2287"]
[BlackElo "2532"]
[Annotator "TA"]
[PlyCount "68"]
[EventDate "2019.11.16"]
[EventType "team-tourn"]
[EventCountry "HUN"]
[SourceTitle "playchess.com"]
[Source "ChessBase"]
[SourceQuality "1"]

{[%evp 22,68,20,21,10,14,7,8,14,0,19,24,26,14,9,-4,11,0,0,0,0,0,-3,0,0,0,0,-69,-49,-49,0,-376,-370,-331,-352,-657,-668,-652,-653,-734,-731,-701,-690,-29995,-968,-29996,-29997,-29997,-29998]} 1. e4 e5 2. Nf3 Nc6 3. Bb5 a6 4. Ba4 Nf6 5. O-O Be7 6. Re1 b5 7. Bb3 O-O 8. h3 Bb7 9. d3 d5 10. exd5 Nxd5 11. Nxe5 Nxe5 12. Rxe5 Qd6 {C88: Closed Ruy Lopez: Anti-Marshall Systems} 13. Re1 Rae8 14. Nd2 c5 {The position is equal.} 15. c3 Bd8 16. Ne4 {[#]} Qc6 $146 ({Predecessor:} 16... Qg6 17. Bd2 Nf6 18. Bc2 c4 19. Qf3 Kh8 20. Qg3 cxd3 21. Qxg6 hxg6 22. Nxf6 Rxe1+ 23. Rxe1 dxc2 {½-½ (41) Gashimov,V (2761)-Kamsky,G (2732) Wijk aan Zee 2012}) 17. Bd2 Nb6 {...c4 is the strong threat.} 18. f3 Bh4 19. Re2 c4 20. dxc4 bxc4 21. Bc2 f5 22. Nf2 Qg6 23. Rxe8 Rxe8 24. Bf4 (24. Rb1 $11) 24... Nd5 $15 25. Qd2 Qb6 $40 {[%mdl 128] Black mounts an attack.} 26. Rf1 $2 {[%mdl 8192]} (26. g3 $1 $11 Qg6 27. Ng4) 26... Nxf4 $19 {[%mdl 64] Overworked Piece} 27. Qxf4 Bxf2+ $1 {[%mdl 64] Overworked Piece} 28. Rxf2 $2 (28. Kh1 Qe6 29. Rxf2 Qe1+ {[%mdl 64] Double Attack} 30. Kh2 Qxf2 31. Qxc4+ Kh8 32. Qf7 $1 {[%mdl 512]}) 28... Re1+ 29. Kh2 Qxf2 30. Qb8+ Kf7 {White must now prevent ...Re2.} 31. Qxb7+ {[#]} Kf6 $1 {( -> ...f4)} 32. Ba4 Qg1+ 33. Kg3 {[#]} f4+ $1 {[%mdl 576] Deflection, Decoy} 34. Kxf4 Qh2+ {Accuracy: White = 34%, Black = 76%.} 0-1

[Event "HUN-chT 2019-20"]
[Site "Budapest"]
[Date "2019.11.17"]
[Round "2.54"]
[White "Horvath, Dominik"]
[Black "Kopasz, Robert"]
[Result "1/2-1/2"]
[WhiteElo "2436"]
[BlackElo "2351"]
[Annotator "RC"]
[PlyCount "95"]
[EventDate "2019.11.16"]
[EventType "team-tourn"]
[EventCountry "HUN"]
[SourceTitle "playchess.com"]
[Source "ChessBase"]
[SourceQuality "1"]

1. d4 Nf6 2. c4 e6 3. g3 d5 4. Bg2 Be7 5. Nf3 O-O 6. Qc2 Nbd7 7. O-O c6 8. Nbd2 b6 9. e4 Ba6 10. b3 Rc8 11. Rd1 Bb7 12. Bb2 Qc7 13. e5 Ne8 14. cxd5 cxd5 15. Qxc7 Nxc7 16. Rac1 Na6 17. a3 Rxc1 18. Rxc1 Rc8 19. Rxc8+ Bxc8 20. Bf1 Nc7 21. Ne1 Ba6 22. Nb1 Kf8 23. Nc2 Nb8 24. Bxa6 Nbxa6 25. Kf1 Ke8 26. Ke2 Nb8 27. a4 Nc6 28. Ba3 f6 29. f4 Kf7 30. Bxe7 Kxe7 31. Kd3 Kf7 32. Nba3 a6 33. Kc3 Kg6 34. Ne3 h6 35. Nac2 f5 36. Ne1 Kh5 37. Nd3 g5 38. b4 g4 39. Nc2 Kg6 40. Na3 b5 41. a5 Kf7 42. Nb1 Ke7 43. Nd2 Kf7 44. Nb3 Ke7 45. Nbc5 Nd8 46. Ne1 Ke8 47. Ng2 Ke7 48. Ne1 1/2-1/2

[Event "HUN-chT 2019-20"]
[Site "Budapest"]
[Date "2019.11.17"]
[Round "2.55"]
[White "Peczely, Sebastian Zsombor"]
[Black "Aczel, Gergely"]
[Result "0-1"]
[WhiteElo "2283"]
[BlackElo "2515"]
[Annotator "TA"]
[PlyCount "56"]
[EventDate "2019.11.16"]
[EventType "team-tourn"]
[EventCountry "HUN"]
[SourceTitle "playchess.com"]
[Source "ChessBase"]
[SourceQuality "1"]

{[%evp 21,218,0,7,0,16,0,0,-31,-25,-41,-20,-40,-33,-31,-45,-67,-6,-13,0,0,0,0,0,0,0,0,0,-27,-49,-27,-24,-260,-252,-458,-233,-147,-43,-47,-56,-205,0,0,0,0,0,0,0,0,0,-102,0,-176,-169,-142,0,-289,-286,-508,-479,-472,-285,-354,-316,-336,-327,-678,-294,-294,-294,-287,-287,-4141,-788,-4141,-968,-1862,-784,-772,-750,-4141,-1601,-4141,-4141,-4141,-4141,-3621,-776,-934,-931,-948,-509,-3447,-948,-29968,-331,-478,-489,-932,-924,-495,-641,-929,-915,-921,-903,-4116,-4116,-4104,-1141,-4088,-4095,-2402,-641,-622,-459,-412,0,-638,-290,-4067,-4120,-4043,-3836,-3519,-1822,-4141,-4141,-3827,-1942,-4141,-4141,-4141,-1479,-29972,-29968,-29966,-5762,-5647,-861,-4141,-4141,-4141,-4141,-4141,-4141,-4141,-4137,-4137,-4137,-4141,-2290,-4137,-4137,-4137,-679,-4137,-4137,-3833,-2042,-4137,-1407,-970,-455,-4137,-4137,-4137,-4137,-4137,-4137,-4137,-4137,-4137,-4137,-1416,0,-4137,-4137,-4137,-4137,-4137,-4137,-4137,-1565,-4137,-1428,-856,0,-4137,-4137,-4137,-4137,-4137,-4137,-4137,-4133,-4133,-4133,-29993,-29994]} 1. e4 c5 2. Nf3 d6 3. d4 Nf6 4. Nc3 cxd4 5. Nxd4 a6 6. Be3 e5 7. Nf3 Qc7 8. Be2 Be7 9. a4 O-O 10. O-O Be6 11. h3 h6 12. Nh2 {B90: Sicilian Najdorf: Unusual White 6th moves, 6 Be3 Ng4 and 6 Be3 e5} Nbd7 13. Ng4 Rac8 (13... Qc6 14. Qd3 Rfc8 15. Rfd1 Rab8 16. a5 Nc5 17. Nxf6+ Bxf6 18. Qxd6 Qxd6 19. Rxd6 {1-0 (26) Adams,M (2754)-Svidler,P (2758) London 2013}) 14. Kh1 $146 {The position is equal.} ({Predecessor:} 14. a5 Qc6 15. Nxf6+ Nxf6 16. f3 {1-0 (59) Adam,G (2072)-Havasi,G (1849) Hungary 2012}) 14... Qc6 15. f4 Rfd8 (15... Nxe4 16. Nxe4 Qxe4 17. Bd3 $17) 16. f5 Bc4 17. Bxc4 Qxc4 18. Qf3 {[#]} Qb4 (18... d5 $1 $15 {[%mdl 512]} 19. Nxf6+ (19. exd5 Nxg4 20. hxg4 Nf6 $17 {[%mdl 64] Double Attack}) (19. Nxd5 Nxd5) 19... Nxf6 20. Nxd5 Nxd5 21. exd5 Qxd5 22. Qxd5 Rxd5) 19. Bd2 Qxb2 (19... Re8 {is more complex.} 20. Rab1 Nxg4 21. hxg4 Bf6 22. Be3 Qa5) 20. Rfb1 Qxc2 21. Ra2 {[#]} Rxc3 $1 22. Rxc2 (22. Bxc3 Qxb1+) 22... Rxc2 23. Bxh6 gxh6 24. Nxh6+ Kg7 {[#] And now ...d5 would win.} 25. Nxf7 $1 {[%mdl 512]} Rdc8 (25... Kxf7 26. Qb3+) 26. Ng5 $2 (26. Qb3 $1 $11 {and White stays safe.}) 26... R8c3 $19 27. Ne6+ $2 (27. Qd1 Nc5 28. Ne6+ Nxe6 29. fxe6) 27... Kf7 (27... Kh6 $142 28. Qd1 Nxe4) 28. Qd1 b6 {Played: Nd7-c5} 0-1

[Event "HUN-chT 2019-20"]
[Site "Budapest"]
[Date "2019.11.17"]
[Round "2.56"]
[White "Medvegy, Zoltan"]
[Black "Gal, Tamas"]
[Result "1-0"]
[WhiteElo "2529"]
[BlackElo "2273"]
[Annotator "TA"]
[PlyCount "53"]
[EventDate "2019.11.16"]
[EventType "team-tourn"]
[EventCountry "HUN"]
[SourceTitle "playchess.com"]
[Source "ChessBase"]
[SourceQuality "1"]

{[%evp 11,53,0,16,27,25,16,14,0,0,0,1,0,44,36,64,66,382,341,431,423,422,423,421,416,401,414,406,384,395,387,560,546,587,588,574,581,583,571,708,706,666,672,758,668]} 1. Nf3 d5 2. g3 c6 3. Bg2 Nf6 4. c4 Bf5 5. cxd5 cxd5 6. Qb3 Qd7 7. Ne5 {A11: English Opening: 1...c6} Qc7 {[%mdl 64] [#] Double Attack} 8. Nc3 Nc6 9. Nxc6 {The position is equal.} bxc6 10. d3 e6 11. O-O h6 $146 ({Predecessor:} 11... Be7 12. Bf4 Qb6 13. Na4 Qa6 14. Rfc1 O-O {1-0 (107) Fressinet,L (2696)-Smeets,J (2619) Germany 2012}) 12. e4 Bh7 13. exd5 cxd5 $2 {[%mdl 8192]} (13... Nxd5 $14 14. Bxd5 (14. Nxd5 cxd5 15. Bxd5 exd5 $14) 14... exd5) 14. Bf4 Qd7 {[#]} 15. Nb5 $1 {[%cal Rb5c7,Bc3b5,Bb5a7,Ba7c6][%mdl 32]} Rc8 16. Rfc1 {Rxc8+ is the strong threat.} Be7 {and if ...0-0 works, Black does fine.} 17. Rxc8+ Qxc8 18. Rc1 Qd8 {and the idea ...0-0 leaves Black hopeful.} 19. Nxa7 O-O 20. Qb7 Bd6 (20... Qe8 $142 21. h3 g5) 21. Nc6 $18 {White is clearly winning.} Bxf4 22. Nxd8 Bxc1 23. Nc6 Bxd3 24. Qb3 Bc4 25. Qc2 Bxa2 26. Qxc1 Bc4 27. Bf1 {Accuracy: White = 86%, Black = 41%.} 1-0

[Event "HUN-chT 2019-20"]
[Site "Budapest"]
[Date "2019.11.17"]
[Round "2.57"]
[White "Szajbely, Zsigmond"]
[Black "Ribli, Zoltan"]
[Result "1/2-1/2"]
[WhiteElo "2275"]
[BlackElo "2534"]
[Annotator "TA"]
[PlyCount "47"]
[EventDate "2019.11.16"]
[EventType "team-tourn"]
[EventCountry "HUN"]
[SourceTitle "playchess.com"]
[Source "ChessBase"]
[SourceQuality "1"]

{[%evp 9,47,19,42,20,20,22,19,19,18,8,16,31,34,-21,0,0,0,0,0,0,62,0,12,8,32,38,33,40,44,33,70,11,69,0,38,0,72,0,45,0]} 1. e4 c5 2. Nf3 e6 3. d4 cxd4 4. Nxd4 Nc6 5. Nc3 Qc7 6. Qd3 {B47: Sicilian: Taimanov: 5 Nc3 Qc7 6 f4, 6 g3 and 6 Be2} (6. Be3 a6 7. Qf3 Ne5 8. Qg3 h5 9. Bg5 f6 10. Bf4 Ne7 11. O-O-O Kf7 12. Bxe5 Qxe5 13. f4 h4 14. Qe3 Qc7 {1-0 (35) Ding,L (2811)-Shankland,S (2705) chess.com INT 2019}) 6... Nf6 7. Ndb5 Qb8 $1 8. Qg3 {[#] Threatens to win with Nc7+.The position is equal.} d6 $1 {Black wants to play ...a6.} 9. Be3 {Hoping for 0-0-0.} a6 10. Nd4 Bd7 11. a4 $146 (11. f4 $14) ({Predecessor:} 11. Be2 b5 12. Bd3 g6 13. Qh4 Be7 14. Nxc6 Bxc6 {½-½ (36) Pridorozhni,A (2567)-Chigaev,M (2606) Khanty-Mansiysk 2018}) 11... b5 12. Bd3 b4 13. Nce2 Nxd4 14. Nxd4 e5 (14... g6 $11) 15. Nb3 (15. Nf5 $14) 15... Be7 16. Na5 h5 17. h3 h4 18. Qf3 $1 Qc7 19. Nc4 Rb8 20. Bg5 ({Better is} 20. a5 $14) 20... Ng8 ({Black should play} 20... Be6 $11 21. Qe2 Nh5) 21. Be3 Nf6 22. Bg5 Ng8 23. Be3 Nf6 24. Bg5 {Accuracy: White = 42%, Black = 60%.} 1/2-1/2

[Event "HUN-chT 2019-20"]
[Site "Budapest"]
[Date "2019.11.17"]
[Round "2.58"]
[White "Galyas, Miklos"]
[Black "Tubak, Daniel"]
[Result "1-0"]
[WhiteElo "2478"]
[BlackElo "2213"]
[Annotator "TA"]
[PlyCount "79"]
[EventDate "2019.11.16"]
[EventType "team-tourn"]
[EventCountry "HUN"]
[SourceTitle "playchess.com"]
[Source "ChessBase"]
[SourceQuality "1"]

{[%evp 21,79,35,47,32,44,45,49,47,55,47,47,50,65,48,47,36,44,35,39,13,21,14,22,11,10,12,30,11,27,30,71,18,28,8,46,26,29,0,43,15,27,18,20,27,21,0,0,0,370,367,367,364,370,364,361,343,430,430,470,445]} 1. Nf3 Nf6 2. g3 g6 3. b3 Bg7 4. Bb2 O-O 5. Bg2 c5 6. c4 Nc6 7. O-O d6 8. d4 cxd4 9. Nxd4 Bd7 10. Nc3 Rb8 11. Nc2 a6 12. Nd5 {A38: Symmetrical English vs ...g6: 4 Bg2 Bg7 5 Nf3 Nf6} Nxd5 13. Bxg7 Ne3 14. Nxe3 {White is slightly better.} Kxg7 15. Rc1 Rc8 16. Qd2 Be6 17. Rfd1 Qb6 {[#]} 18. Qb2+ $146 ({Predecessor:} 18. h3 a5 19. Qb2+ f6 {½-½ (51) Lenic,L (2630)-Cebalo,M (2427) Bol 2013}) 18... Kg8 19. Nd5 Bxd5 20. Bxd5 (20. Rxd5 {looks sharper.} Rfd8 21. c5 Qc7 22. cxd6 Rxd6 23. Qa3) 20... Ne5 {[%cal Bc6e5,Be5d7,Bd7c5][%mdl 32]} 21. Qd2 Nd7 22. e3 a5 23. Rb1 Qc7 24. Qd4 Nc5 25. h4 Qd7 26. Bf3 (26. a3 $16) 26... Rc7 27. Kg2 h6 28. Qf4 Kg7 29. Qd4+ Kg8 $1 30. Rd2 Rb8 31. Rbd1 b5 32. cxb5 Rxb5 33. Bd5 Rb4 34. Bc4 $40 {[%mdl 128] Black needs to defend precisely.} a4 $2 {[%mdl 8192] [#]} (34... Qc6+ $11 {and Black is okay.} 35. f3 Nd7) 35. Bxf7+ $1 $18 {[%mdl 512]} Kxf7 36. Qxb4 axb3 37. axb3 {[%cal Ba2b3,Bb3b4][%mdl 32]} Qc6+ 38. f3 Kg7 39. Qc3+ Kh7 40. b4 {Accuracy: White = 44%, Black = 49%.} 1-0

[Event "HUN-chT 2019-20"]
[Site "Budapest"]
[Date "2019.11.17"]
[Round "2.59"]
[White "Kelemen, David"]
[Black "Markoja, Boris"]
[Result "1/2-1/2"]
[WhiteElo "2131"]
[BlackElo "2445"]
[Annotator "TA"]
[PlyCount "72"]
[EventDate "2019.11.16"]
[EventType "team-tourn"]
[EventCountry "HUN"]
[SourceTitle "playchess.com"]
[Source "ChessBase"]
[SourceQuality "1"]

{[%evp 21,72,20,14,17,17,0,25,18,27,0,34,3,65,70,58,-20,22,-52,-50,-58,-54,-50,-56,-52,-22,-37,-27,-25,-27,-17,-12,-41,-26,-25,-21,-29,0,0,0,-32,-14,-20,-20,-55,0,0,0,0,28,2,37,18,96]} 1. e4 c5 2. Nf3 Nc6 3. Bb5 g6 4. O-O Bg7 5. Re1 Nf6 6. c3 O-O 7. d4 cxd4 8. cxd4 d5 9. e5 Ne4 10. Nc3 Nxc3 11. bxc3 Bd7 12. Bd3 {B31: Sicilian: 2...Nc6 3 Bb5 g6} Rc8 13. Bg5 Na5 {[%cal Bc6a5,Ba5c4,Bc4a3][%mdl 32]} 14. Rc1 {White has an edge.} Nc4 15. Qe2 (15. Rb1 b6 16. h3 Na3 17. Rb3 Nc4 18. Qc1 f6 19. e6 Ba4 20. Rb4 fxg5 21. Rxa4 a5 22. Qb1 {½-½ (22) David,A (2608)-Colin,V (2437) Deauville 2010}) 15... Re8 16. Nd2 {[%cal Rd2c4]} Bb5 $146 (16... Nb2 $11) ({Predecessor:} 16... b5 17. h4 Qa5 18. h5 Rc7 19. hxg6 hxg6 20. e6 Bxe6 21. Bxg6 {1-0 (32) Mach,H-Waldhorn,T Hamburg 1989}) 17. Rb1 Qd7 18. Nb3 (18. Rb4 $14) 18... b6 19. h4 ({White should try} 19. Nd2 $11) 19... Na3 $1 $15 {Threatens to win with ...Bxd3.} 20. Rbc1 Bxd3 21. Qxd3 Qf5 22. Qe2 Nc4 23. g4 Qe6 24. Qf3 h6 25. Bf4 Rc6 26. Na1 Rec8 27. Nc2 {With the idea Nb4.} a5 28. Ne3 Nd2 29. Qe2 Nc4 $1 30. Qf3 Nxe3 31. Rxe3 Rc4 32. Rd3 R8c6 ({Better is} 32... b5 $15) 33. Rb1 $11 Qd7 34. Bd2 Re6 35. Qd1 Rec6 36. Rg3 f5 {Accuracy: White = 50%, Black = 35%.} (36... f6 $11) 1/2-1/2

[Event "HUN-chT 2019-20"]
[Site "Budapest"]
[Date "2019.11.17"]
[Round "2.60"]
[White "Gara, Ticia"]
[Black "Valyi, Adel"]
[Result "1/2-1/2"]
[WhiteElo "2322"]
[BlackElo "1878"]
[Annotator "TA"]
[PlyCount "147"]
[EventDate "2019.11.16"]
[EventType "team-tourn"]
[EventCountry "HUN"]
[SourceTitle "playchess.com"]
[Source "ChessBase"]
[SourceQuality "1"]

{[%evp 9,147,32,47,36,38,33,35,4,23,30,59,49,70,70,75,72,81,89,107,97,109,68,66,67,106,97,176,145,157,152,169,14,159,160,164,156,179,170,159,155,157,156,145,68,75,64,76,70,77,18,56,0,-6,-41,0,0,0,-44,-37,-40,-39,-32,-12,-25,-10,-91,0,-219,-198,-200,-204,-198,-196,-183,-197,-202,-183,-183,-41,-153,-158,-195,-9,-11,-12,-20,-20,-48,0,-24,-27,-43,-46,-219,-219,-219,-219,-219,-219,-219,-219,-219,-219,-231,-19,-19,0,-8,0,0,0,0,0,0,0,0,0,0,0,-4,0,0,0,0,0,0,0,0,0,0,0,0,0,0,0,0,8,8,8,8]} 1. e4 c5 2. Nf3 Nc6 3. Bb5 d6 4. O-O e6 5. Re1 Nge7 6. c3 {B51: Sicilian: Moscow Variation (3 Bb5+) without 3...Bd7} a6 7. Bf1 (7. Ba4 b5 8. Bc2 Ng6 9. a4 b4 10. d4 bxc3 11. Nxc3 cxd4 12. Nxd4 Nb4 {1-0 (27) Shirov,A (2693)-Thorhallsson,T (2423) Reykjavik 2017}) 7... d5 8. e5 {White is slightly better.} Ng6 9. d4 c4 $146 ({Predecessor:} 9... Be7 10. g3 Qb6 11. a3 a5 12. h4 h5 13. Bd3 Nf8 14. Bc2 Bd7 {1-0 (62) Ivanov,A (1913)-Petukhov,V (2113) St Petersburg 2014}) 10. g3 Be7 11. h4 h6 12. Nh2 Nf8 13. Qg4 g5 14. hxg5 $1 Bxg5 15. f4 Be7 16. Qh5 Ng6 17. Ng4 Kd7 (17... Qa5 $16) 18. Bg2 Kc7 19. Ne3 Qg8 20. f5 $2 (20. Kh2 $1 $18) 20... Nf8 (20... Ngxe5 $1 $11 21. dxe5 Qxg3 {[%mdl 64] Double Attack}) 21. f6 $16 Bd8 22. Kf2 Qg6 23. Rh1 Bd7 24. Qxg6 Nxg6 25. Rh5 b5 26. Ng4 (26. a3 $16) 26... b4 $1 $14 27. Rxh6 Rxh6 28. Nxh6 Be8 29. Nd2 (29. Be3 $16) 29... Rb8 30. Ng4 (30. Nf3 $14) 30... Kc8 $11 31. Ne3 Ncxe5 32. dxe5 Nxe5 33. Nf3 Nd3+ 34. Ke2 Bxf6 35. Nd4 Be5 36. g4 Bd7 37. Nec2 (37. g5 $11) 37... a5 (37... bxc3 $17 38. b3 Nb4) 38. Ne1 $2 (38. b3 $11) 38... bxc3 $19 39. bxc3 Nxc1+ 40. Rxc1 Bf4 $1 {[%cal Rf4c1]} 41. Ra1 Rb2+ {[%mdl 1024] Black has strong compensation.} 42. Kf1 Be3 {...Rf2+ is the strong threat.} 43. Ne2 Bb5 (43... Kc7 $19 44. Nf3 f6) 44. Nf3 ({White should play} 44. a4 $15 Be8 45. Nf3) 44... Ba4 $17 45. Nfd4 Bc2 $2 (45... Kc7 $19 46. Bh1 Kb6) 46. Nxc2 $11 Rxc2 47. a4 Rb2 48. Rd1 Ra2 49. Bxd5 (49. Bf3 {seems wilder.} Rxa4 50. g5 Bxg5 51. Bh5 Kd7 52. Bxf7 Ke7 53. Bg8) 49... exd5 50. Rxd5 Rxa4 {[%mdl 4096] Endgame KRB-KRN} 51. Rf5 $2 (51. Nd4 $15) 51... Ra1+ $19 52. Kg2 a4 53. Re5 Bb6 54. Re4 {[#]} Kb7 $1 55. Rxc4 {[#]} Ka6 $1 56. Nd4 Ra2+ $2 ({Better is} 56... Bxd4 $1 $19 57. cxd4 a3) 57. Kf3 $11 {The position is equal.} Ka5 {With the idea ...Ra1.} 58. Rc8 {Hoping for Ra8+.} Ka6 59. Ra8+ Kb7 60. Rf8 Ka6 {And now ...Rb2 would win.} 61. Rxf7 a3 62. Ke4 Rg2 63. Rf1 Rxg4+ 64. Kd5 Ba5 65. Ra1 Bxc3 66. Rxa3+ {[%mdl 64] Double Attack} Ba5 $1 67. Nb3 Rg5+ 68. Kc6 {White threatens Nc5+ and mate.} Rg6+ 69. Kd5 Rg5+ 70. Kc4 Kb6 71. Nd4 Rc5+ 72. Kd3 Rc3+ 73. Rxc3 Bxc3 74. Kxc3 {Accuracy: White = 45%, Black = 48%.} 1/2-1/2